000 00738nam a2200217 4500
003 OSt
005 20240624025327.0
006 a
008 240624b |||||||| |||| 00| 0 eng d
020 _a9789719533009
040 _aDWCL-Main lib.
_cOC
082 _aFil. 176 S187i 2012
100 _aSambajon,Marvin Julian L.,Jr.
245 _aIn the light of Reason: contraception and the RH Bill: a rationa and facts for both anti and pro-RH Bill advocates /
260 _aDaraga,Albay:
_bSapienta Pub.,
_cc2012.
300 _axviii,
_b242 p.;
_c22 cm.
504 _aIncludes Bibliographical references.
650 _a1. Birth Control-Ethical Aspects.
650 _a2. Birth Control-Religious Aspects.
942 _2ddc
_n0
_cBK - FIL
_kFil.
999 _c1194
_d1194